000 00520nam a2200205 a 4500
001 BRCA_6706
005 20190320205548.0
008 181011s1921----gw-a######---#000-0#ger-#
041 _ager
044 _agw
050 4 _aPT2168
_b.B63
_c1921
100 1 _aBode, Wilhelm
_d1845-1933
_916761
245 1 0 _aOhm Christians Der Wandlungen.
260 _aLeipzig
_bG: Gaelle
_c1921
300 _a155 p.
_bil., 18 láminas
_c21 cm.
500 _aI87
650 1 4 _aLiteratura Alemana
_96160
902 _aGFM
942 _2lcc
_cB
999 _c6389
_d6389